| 000 | 00901cam a22002893a 4500 | ||
|---|---|---|---|
| 001 | 11533 | ||
| 003 | PGUSA | ||
| 005 | 20140828083238.0 | ||
| 008 | 040301s2004||||xxu|||||s|||||000 p eng d | ||
| 040 |
_aPGUSA _beng |
||
| 042 | _adc | ||
| 050 | 4 | _aPA | |
| 100 | 1 |
_aTheocritus, _d-300--260 |
|
| 245 | 1 | 0 |
_aTheocritus, translated into English Verse _h[electronic resource] / _cTheocritus |
| 260 |
_bProject Gutenberg, _c2004 |
||
| 506 | _aPublic domain in the USA. | ||
| 516 | _aElectronic text | ||
| 653 | _aAlexandria (Egypt) -- Poetry | ||
| 653 | _aCountry life -- Poetry | ||
| 653 | _aPastoral poetry, Greek -- Translations into English | ||
| 653 | _aMediterranean Region -- Poetry | ||
| 653 | _aCity and town life -- Poetry | ||
| 700 | 1 |
_aCalverley, Charles Stuart, _d1831-1884 |
|
| 830 | 0 |
_aProject Gutenberg _v11533 |
|
| 856 | 4 | 0 | _uhttp://www.gutenberg.org/ebooks/11533 |
| 942 | _cEB | ||
| 999 |
_c240788 _d240788 |
||